01477 2200481 4500001002100000005001500021035002000036007000300056008004100059020002200100040002200122082001400144084001600158090001800174090001900192100003500211245014100246250003500387300003700422440002800459650002300487700003200510700003100542700002900573700003400602850001200636264003300648336002100681337003000702338002300732990002000755990002000775990002000795990002000815990002000835990002000855990002000875990002000895990002000915990002000935990002000955990002000975INLIS00000000087264320220906095312 a0010-0922000171ta220906s2021 jbia b 0 1 ind d a978-623-254-224-2 aYOPDYOGbinderda04223a028.5 a028.5 DIE m aK 028.5 DIE m aPK 028.5 DIE m0 aDieza Kayla ZivankaePengarang10aMy twin, my best friend /cDieza Kayla Zivanka; penyunting, Haya Aliya Zaki, Vicky Larasita; ilustrator, Nisa Nafisah, Ginanjar Setia M. aCetakan pertama, Desember 2021 a78 halaman :bilustrasi ;c21 cm aKecil-kecil Punya Karya 4aBacaan Kanak-kanak0 aHaya Aliya ZakiePenyunting0 aVicky LarasitaePenyunting0 aNisa NafisaheIlustrator0 aGinanjar Setia M.eIlustrator aYOPDYOG31aBandung :bDAR! Mizan,c2021 2rdacontentateks 2rdamediaatanpa perantara 2rdacarrieravolume a46044-PD/B.2022 a46045-PD/B.2022 a46046-PD/B.2022 a46045-PD/B.2022 a46044-PD/B.2022 a46046-PD/B.2022 a46046-PD/B.2022 a46044-PD/B.2022 a46045-PD/B.2022 a46045-PD/B.2022 a46044-PD/B.2022 a46046-PD/B.2022